000 00530nam a22001817a 4500
999 _c165027
_d165027
005 20190603152712.0
010 _aENG-125448
020 _a9789350451717
_c200.00
035 _aEN-108980
037 _bDBAD/PUB
082 _a881
100 _aBose, Anindita
245 _aI know the truth a of broken mirror /
_cby Anindita Bose
260 _aCalcutta
_bWriters Workshop Redbird Book
_c2018
270 _a162/92, Lake Garden,
_bCulcutta
_e700045
300 _a76p.
_c22cms(Hb)
942 _2ddc
_cEN
_h881
_mBOS